书目信息 |
| 题名: |
聚氯乙烯生产原理
|
|
| 作者: | 邓云祥 编著 | |
| 分册: | ||
| 出版信息: | 北京 科学出版社 1982 |
|
| 页数: | 300页 | |
| 开本: | 19cm | |
| 丛书名: | ||
| 单 册: | ||
| 中图分类: | TQ325.3 | |
| 科图分类: | ||
| 主题词: | 聚氯乙烯--生产--理论 | |
| 电子资源: | ||
| ISBN: | ||
| 000 | 00617nam0 2200229 45 | |
| 001 | 0182007079 | |
| 005 | 20060803102641.03 | |
| 010 | @dCNY1.55 | |
| 091 | @a13031.1828 | |
| 100 | @a19950406d1982 em y0chiy0121 ea | |
| 101 | 0 | @achi |
| 102 | @aCN@b110000 | |
| 105 | @ay z 000yy | |
| 200 | 10 | @a聚氯乙烯生产原理@Aju lv yi xi sheng chan yuan li@f邓云祥编著 |
| 210 | @a北京@c科学出版社@d1982 | |
| 215 | @a300页@d19cm | |
| 606 | @a聚氯乙烯@x生产@x理论 | |
| 690 | @aTQ325.3@v3 | |
| 701 | 0 | @a邓云祥@Adeng yun xiang@4编著 |
| 801 | 0 | @aCN@bTSSF@c20060803 |
| 801 | 2 | @aCN@bNLC@c20060802 |
| 905 | @a10447@dTQ325.3@e17 | |
| 聚氯乙烯生产原理/邓云祥编著.-北京:科学出版社,1982 |
| 300页;19cm |
| ISBN :CNY1.55 |
| ● |
| 相关链接 |
|
|
|
|
正题名:聚氯乙烯生产原理
索取号:TQ325.3/17
 
预约/预借
| 序号 | 登录号 | 条形码 | 馆藏地/架位号 | 状态 | 备注 |
| 1 | 0439399 | 204393995 | 密集书库/ [索取号:TQ325.3/17] | 在馆 | |
| 2 | 0439400 | 204394002 | 密集书库/ [索取号:TQ325.3/17] | 在馆 | |
| 3 | 0439401 | 204394011 | 密集书库/ [索取号:TQ325.3/17] | 在馆 | |
| 4 | 0439402 | 204394020 | 密集书库/ [索取号:TQ325.3/17] | 在馆 | |
| 5 | 0439585 | 204395859 | 密集书库/ [索取号:TQ325.3/17] | 在馆 |